000 01070nam a2200253Ia 4500
008 130821s2012 ck gr spa
020 _a9789587491630
040 _aCo-BoUCM
_bspa
041 0 0 _aspa
100 1 _aOsorio Calderín, Ana Carolina
245 1 0 _aManual de inhabilidades electorales prohibiciones constitucionales y legales de obligatoria revisión para ocupar cargos de elección popular
_cAna Carolina Osorio Calderín ; prólogo María Nohemí Hernández Pinzón.
260 _aBogotá (Colombia)
_bGrupo Editorial Ibañez
_c2012
300 _a225 páginas
504 _aIncluye referencias bibliográficas.
650 0 4 _aCiencia política
_9340
650 0 4 _aDerecho constitucional
_912725
650 0 4 _aDerecho electoral
_912760
650 0 4 _aFunción pública
_xObjetivos y funciones
_916187
650 0 4 _aInhabilidad electoral
_9242
650 0 4 _aParticipación electoral
_xLegislación
_vNormas
_921120
650 0 4 _aSistemas electorales
_vNormas
_924654
942 _cLIBRO
_a6
_e1
_mO837m
_2DEWEY
_h324.6
999 _c39055
_d39055